| 000 | 00565nam a2200217 a 4500 | ||
|---|---|---|---|
| 001 | BRCA_6895 | ||
| 005 | 20190321142921.0 | ||
| 008 | 141111c19521940u--a######---#000-0#eng-# | ||
| 041 | _aeng | ||
| 044 | _au | ||
| 050 | 4 | _b.B76 1952 | |
| 100 | 1 |
_aBrown, Marion _917174 |
|
| 245 | 1 | 0 |
_aPocket guide for calorie counters _cby Marion Brown. |
| 250 | _a3a ed. | ||
| 260 |
_aChicago, Illinois _bStubbs and Montgomery _cc1940, 1952 |
||
| 300 |
_a47 p. _bil. _c12 cm. |
||
| 500 | _aL143 | ||
| 650 | 1 | 4 |
_aDieta baja en calorĂas _917175 |
| 902 | _aGFM | ||
| 942 |
_2lcc _cB |
||
| 999 |
_c6577 _d6577 |
||